Producción de carne bovina en Francia y sistemas ganaderos alternativos anexos
Gorde:
| Egile nagusia: | |
|---|---|
| Formatua: | Liburua |
| Hizkuntza: | gaztelania |
| Argitaratua: |
Santiago
FONTEC
1990
|
| Gaiak: | |
| Etiketak: |
Etiketa erantsi
Etiketarik gabe, Izan zaitez lehena erregistro honi etiketa jartzen!
|
MARC
| LEADER | 00000nam a2200000 a 4500 | ||
|---|---|---|---|
| 001 | UCR9072 | ||
| 003 | CL-VaPUC | ||
| 008 | 980613e19900000CL |||||||||||||||||spa|d | ||
| 082 | 0 | 4 | |a 636.24 |b PRA |2 21 |
| 100 | 0 | |a Prado Donoso, Rodrigo |e author |9 411235 | |
| 245 | 1 | 0 | |a Producción de carne bovina en Francia y sistemas ganaderos alternativos anexos |
| 300 | |a Pag. irreg | ||
| 942 | |c BK | ||
| 945 | |d 19980613 00:00:00 |a aalvarez | ||
| 260 | |a Santiago |b FONTEC |c 1990 | ||
| 650 | 0 | |a Ganado vacuno |9 264243 | |
| 650 | 0 | |a Ganadería |9 264177 | |
| 650 | 7 | |a BOVINOS |2 CL-VaPUC |9 411237 | |
| 650 | 7 | |a PRODUCCION BOVINA |2 CL-VaPUC |9 411238 | |
| 650 | 7 | |a PRODUCCION ANIMAL |2 CL-VaPUC |9 411239 | |
| 650 | 7 | |a MANEJO DE GANADO |2 CL-VaPUC |9 411240 | |
| 650 | 0 | |a Productos lácteos |9 259521 | |
| 651 | 0 | |a Francia |9 255157 | |
| 583 | |a last modification |c 19980613 00:00:00 |k Rodrigo Vera | ||
| 999 | |c 270318 |d 270316 | ||